La perversión en los vínculos de pareja y familia/
Guardado en:
| Autor principal: | |
|---|---|
| Formato: | Libro |
| Lenguaje: | Spanish |
| Etiquetas: |
Agregar Etiqueta
Sin Etiquetas, Sea el primero en etiquetar este registro!
|
MARC
| LEADER | 00000nam a22000007a 4500 | ||
|---|---|---|---|
| 003 | cru CIDCACS/IIS | ||
| 005 | 20171130160010.0 | ||
| 007 | ta | ||
| 008 | 171130s2008 ag |||||r|||||||| 0|spa d | ||
| 999 | |c 40688 |d 40688 | ||
| 040 | |c cru CIDCACS/IIS | ||
| 100 | 1 | |9 6178 |a Eiguer, Alberto | |
| 245 | 1 | 3 | |a La perversión en los vínculos de pareja y familia/ |c Alberto Eiger |
| 300 | |a páginas 46-60 | ||
| 773 | 0 | |0 40687 |9 1666 |a Universidad de Ciencias Empresariales y Sociales (UCES), (Argentina) |d Buenos Aires, Argentina: UCES, 2008 |o 07562 |t Subjetividad y procesos cognitivos, 12: |x 1666244X | |
| 942 | |2 ddc |c LI | ||
